Guess the 1970s song lyrics #279 - Statistics

General Stats
  • This quiz has been taken 14 times
  • The average score is 169 of 241
Answer Stats
Answer % Correct
a
100%
Let
92%
let
92%
the
83%
time
83%
and
75%
And
75%
good
75%
Good
75%
roll
75%
times
75%
you
75%
in
67%
oh
67%
on
67%
rock
67%
them
67%
what
67%
air
58%
be
58%
is
58%
up
58%
your
58%
around
50%
em
50%
If
50%
make
50%
they
50%
want
50%
give
42%
leave
42%
say
42%
side
42%
clown
33%
got
33%
hair
33%
old
33%
show
33%
told
33%
brush
25%
Ooh
25%
real
25%
ride
25%
Well
25%
Won't
25%
knock
17%
photos
17%
stories
17%
thunder
17%
appeal
8%
illusion
8%
No matching quizzes found
Score Distribution
Percent of People with Each Score
Percentile by Number Answered
Your Score History
You have not taken this quiz